Central Library OPAC University of Rajshahi

Archaeology from the earth / (Record no. 11050)

MARC details
000 -LEADER
fixed length control field 00811cam a2200277I 4500
001 - CONTROL NUMBER
control field 11050
003 - CONTROL NUMBER IDENTIFIER
rucl marc code (BD-RjUL)
005 - DATE AND TIME OF LATEST TRANSACTION
control field 20211208235048.0
008 - FIXED-LENGTH DATA ELEMENTS--GENERAL INFORMATION
fixed length control field 720823r19541954enkab b 001 0 eng d
035 ## - SYSTEM CONTROL NUMBER
System control number (BD-RjUL)11099
System control number (OCoLC)00387423
System control number GLIS00477071
040 ## - CATALOGING SOURCE
Original cataloging agency Missouri. Univ. Libr.
Transcribing agency WSU
Modifying agency m.c.
-- SER
-- RCD
-- (BD-RjUL)
Language of cataloging eng
041 ## - LANGUAGE CODE
Language code of text/sound track or separate title eng
082 00 - DEWEY DECIMAL CLASSIFICATION NUMBER
Edition number 19
Classification number 943.32
Author mark and year WHA 1954
090 ## - LOCALLY ASSIGNED LC-TYPE CALL NUMBER (OCLC); LOCAL CALL NUMBER (OCLC)
Classification number (OCLC) (R) ; Classification number, CALL (RLIN) (NR) CC75
Local cutter number (OCLC) ; Book number/undivided call number, CALL (RLIN) .W564
099 ## - LOCAL FREE-TEXT CALL NUMBER (OCLC)
Bangla Class number CC75.W564
100 1# - MAIN ENTRY--PERSONAL NAME
Personal name Wheeler, Mortimer,
Dates associated with a name 1890-1976.
9 (RLIN) 34155
245 10 - TITLE STATEMENT
Title Archaeology from the earth /
Statement of responsibility, etc. Wheeler, Mortimer
260 ## - PUBLICATION, DISTRIBUTION, ETC. (IMPRINT)
Place of publication, distribution, etc. Oxford :
Name of publisher, distributor, etc. Clarendon Press,
Date of publication, distribution, etc. 1954.
300 ## - PHYSICAL DESCRIPTION
Pagination xi, 221 p. :
Illustrations ill. ;
Size 23 cm.
504 ## - BIBLIOGRAPHY, ETC. NOTE
Bibliography, etc Include Index Bibliography
650 #0 - SUBJECT ADDED ENTRY--TOPICAL TERM
Topical term or geographic name as entry element Archaeology
General subdivision Methodology.
9 (RLIN) 3275
942 ## - ADDED ENTRY ELEMENTS (KOHA)
Source of classification or shelving scheme Dewey Decimal Classification
Koha item type Books
Holdings
Lost status Source of classification or shelving scheme Damaged status Not for loan Collection code Permanent Location Current Location Shelving location Date acquired Source of acquisition Cost, normal purchase price Total Checkouts Full call number Date last seen Copy number Koha item type
  Dewey Decimal Classification   Not For Loan Non-fiction Central Library, University of Rajshahi Central Library, University of Rajshahi Reading Room 15/11/1957 Oxford University Press 22.00   943.32 WHA 1954 26/01/2014 C-1 Books
  Dewey Decimal Classification     Non-fiction Central Library, University of Rajshahi Central Library, University of Rajshahi   26/11/1968 Zeitlinger 35.00   943.32 WHA 1955 20/05/2017 C-2 Books
  Dewey Decimal Classification     Non-fiction Central Library, University of Rajshahi Central Library, University of Rajshahi   26/11/1968 Zeitlinger 35.00   943.32 WHA 1954 20/05/2017 C-3 Books